00918nam a2200217 i 450000100060000000300090000600500170001500800410003208000210007310000470009424501050014126000600024630000290030649000620033560000250039771000470042283000700046985200220053999900170056195201220057811521ES-MaACL20231219062530.0960626s1993 sp ||||1| spa d a929 Gaos, José1 aAbellán, José Luis,d1933-2023917650910aJosé Gaos b: ¿cómo se adapta un filósofo a la sociedad mexicana? /c[José Luis Abellán]. aMadrid : bFundación Españoles en el Mundo, c1993. a24 p. : bil. ; c28 cm.1 aCuadernos de la Fundación Españoles en el Mundo ; v314aGaos, José.9539021 aFundación Españoles en el Mundo.942901 aCuadernos de la Fundación Españoles en el Mundo ; v39179150 aES-MaACLjL-18933 c11521d11521 00104070aATENEOMbATENEOMcDEPO2d2008-01-17eSCl0oL-18933p1011744r2023-02-23 00:00:00w2023-02-23yMONOGRAFIA